• 首页
  • 本馆介绍
  • 公告通知
  • 最新文献
  • 馆藏检索
  • 电子资源
  • 读者导购
  • 参考咨询
  • 我的图书馆
  • 登录
  • 详细信息显示
  • 放入我的书架
  • 预约/预借图书
  • 作者相关作品
  • 分类相关作品
  • 丛书相关作品
  • 出版社相关作品

书目信息

  • 表格格式
  • 工作单格式
  • 卡片格式
题名:
三国史话
    
 
作者: 吕思勉 著
分册:  
出版信息: 南京   江苏美术出版社  2014.9
页数: 175页
开本: 24cm
丛书名:
单 册:
中图分类: K236.07
科图分类:
主题词: 三国时代--San Guo Shi Dai--历史--研究 , 历史--Li Shi , 研究--Yan Jiu
电子资源:
ISBN: 978-7-5344-7385-2
000 00827nam0 22002531 450
001 350604
005 20161013094309.31
010    @a978-7-5344-7385-2@dCNY32.00
100    @a20141015d2014 em y0chiy50 ea
101 0  @achi
102    @aCN@b320000
105    @ay z 000yy
106    @ar
200 1  @a三国史话@ASan Guo Shi Hua@e生词注音版@f吕思勉著
210    @a南京@c江苏美术出版社@d2014.9
215    @a175页@d24cm
330    @a本书收录了三国史话、三国史话之余、选自《论学集林》中《蒿庐札记》的文章、选自《蒿庐论学丛稿》的文章、选自《吕思勉遗文集》的文章等内容。
606 0  @a三国时代@ASan Guo Shi Dai@x历史@x研究
606 0  @a历史@ALi Shi
606 0  @a研究@AYan Jiu
690    @aK236.07@v5
701  0 @a吕思勉@ALv Si Mian@f(1884~1957)@4著
801  0 @aCN@bTANGWEI@c20160805
905    @b0890865-9@dK236.07@e58@f5
    
    三国史话:生词注音版/吕思勉著.-南京:江苏美术出版社,2014.9
    175页;24cm
    
    
    ISBN 978-7-5344-7385-2:CNY32.00
    本书收录了三国史话、三国史话之余、选自《论学集林》中《蒿庐札记》的文章、选自《蒿庐论学丛稿》的文章、选自《吕思勉遗文集》的文章等内容。
●
相关链接 在E读中查询图书 在五车中查询图书 在当当中查询图书 在豆瓣中查询图书


正题名:三国史话     索取号:K236.07/58         预约/预借

序号 登录号 条形码 馆藏地/架位号 状态 备注
1 0890865   208908654   第二样本阅览室/ [索取号:K236.07/58] 在馆    
2 0890866   208908663   第二借阅区/ [索取号:K236.07/58] 在馆    
3 0890867   208908672   第二借阅区/ [索取号:K236.07/58] 在馆    
4 0890868   208908681   第二借阅区/ [索取号:K236.07/58] 在馆    
5 0890869   208908690   第二借阅区/ [索取号:K236.07/58] 在馆    
唐山师范学院图书馆 欢迎您!
大连网信软件有限公司© 版权所有